Countries Most Similar To Vanuatu - Statistics

General Stats
  • This quiz has been taken 25 times
  • The average score is 7 of 20
Answer Stats
Rank Country Score % Correct
4 Fiji 71
94%
3 Papua New Guinea 75.1
88%
2 Samoa 75.1
88%
1 Solomon Islands 81.8
75%
5 East Timor 63.8
56%
19 Haiti 58.9
50%
10 Jamaica 60.4
50%
6 Philippines 63.6
50%
7 Belize 63
31%
15 Honduras 59.2
19%
8 Madagascar 61.8
19%
20 Gabon 58.7
13%
17 Republic of the Congo 59
13%
14 Equatorial Guinea 59.7
6%
12 Ghana 59.9
6%
9 Guyana 61.3
6%
16 Malawi 59
6%
13 Zambia 59.7
6%
11 Liberia 60.4
0%
18 Sierra Leone 58.9
0%
No matching quizzes found
Score Distribution
Percent of People with Each Score
Percentile by Number Answered
Your Score History
You have not taken this quiz